Теплый ветер Бухареста; Нефть России; № 12

التفاصيل البيبلوغرافية
Parent link:Нефть России: аналитический журнал.— , 1996, 1999-2012
№ 12.— 2003.— С. 78-81
المؤلف الرئيسي: Богомолов П.
اللغة:الروسية
منشور في: 2003
سلاسل:Сотрудничество
الموضوعات:
التنسيق: فصل الكتاب
KOHA link:https://koha.lib.tpu.ru/cgi-bin/koha/opac-detail.pl?biblionumber=389574

MARC

LEADER 00000naa2a2200000 4500
001 389574
005 20231101063901.0
035 |a (RuTPU)RU\TPU\prd\21978 
090 |a 389574 
100 |a 20040129a2003 k y0rusy50 ca 
101 0 |a rus 
102 |a RU 
200 1 |a Теплый ветер Бухареста  |f П. Богомолов 
225 1 |a Сотрудничество 
461 1 |0 (RuTPU)RU\TPU\prd\1610  |t Нефть России  |o аналитический журнал  |d 1996, 1999-2012 
463 1 |0 (RuTPU)RU\TPU\prd\21104  |t № 12  |v С. 78-81  |d 2003 
610 1 |a нефтепереработка 
610 1 |a форумы 
610 1 |a нефтехимия 
610 1 |a реформы 
610 1 |a Центральная Европа 
610 1 |a Восточная Европа 
610 1 |a региональный даунстрим 
700 1 |a Богомолов  |b П. 
801 1 |a RU  |b 63413507  |c 20040129  |g PSBO 
801 2 |a RU  |b 63413507  |c 20130802  |g RCR 
942 |c BK